Sportról szabadon

Elmentve itt :
Bibliográfiai részletek
Szerző: Epres Anikó
További közreműködők: Rózsa Péter (Témavezető)
Dokumentumtípus: Szakdolgozat
Megjelent: 2002
Tárgyszavak:
Online Access:http://diploma.bibl.u-szeged.hu/37899
LEADER 00510nta a2200157 i 4500
001 dipl37899
005 20130422141112.0
008 130422s2002 hu om 0|| hun d
040 |a SZTE Diploma Repozitórium  |b hun 
041 |a hun 
100 1 |a Epres Anikó 
245 1 0 |a Sportról szabadon  |h [elektronikus dokumentum] /  |c Anikó Epres 
260 |c 2002 
650 4 |a Bölcsészettudományok 
700 1 |a Rózsa Péter  |e ths 
856 4 0 |u http://diploma.bibl.u-szeged.hu/id/eprint/37899/1/2002_epres_aniko.pdf  |z Dokumentum-elérés